Verbreitung der portugiesischen Sprache - Statistiken

Allgemein
  • Dieses Quiz wurde 165 mal gespielt
  • Das Durchschnittsergebnis liegt bei 7 aus 13
Antwortstatistiken
Platz Land Anteil Anzahl % Korrekt
1. Brasilien 93,2% 198.105.000
99%
3. Portugal 99% 10.203.000
99%
2. Angola 36,6% 12.029.000
68%
4. Mosambik 10,7% 3.344.000
57%
6. Vereinigte Staaten 0,2% 659.000
56%
13. Kap Verde 10% 56.000
50%
5. Frankreich 1,2% 809.000
47%
12. Sao Tome und Principe 34,6% 76.000
47%
7. Kanada 0,7% 266.000
46%
8. Guinea-Bissau 8,1% 159.000
36%
9. Paraguay 2,2% 157.000
28%
10. Schweiz 1,2% 104.000
22%
11. Luxemburg 13% 82.000
18%
Keine übereinstimmenden Quizze gefunden
Verteilung der Resultate
Anzahl Personen mit jedem Resultat
Perzentil nach korrekt beantworteten Fragen
Ihre Resultats-Entwicklung
Sie haben dieses Quiz noch nicht gespielt